[Event "Montreal Mercredi 04"]
[Site "Montreal CAN"]
[Date "2008.04.16"]
[Round "3"]
[White "Dulac, Sebastien"]
[Black "Tong, Tan Guang"]
[Result "1/2-1/2"]
[WhiteElo "1456"]
[BlackElo "1457"]
[PlyCount "63"]
[GameId "2160767910351259"]
[EventDate "2008.04.02"]
[EventType "tourn"]
[EventRounds "5"]
[EventCountry "CAN"]
[SourceTitle "EXT 2011"]
[Source "ChessBase"]
[SourceDate "2011.11.26"]
[SourceVersion "1"]
[SourceVersionDate "2011.11.26"]
[SourceQuality "1"]

1. f4 d5 2. e3 Nf6 3. Nf3 c5 4. b3 Nc6 5. Bb5 Bd7 6. O-O e6 7. Bb2 a6 8. Bxc6 Bxc6 9. Ne5 Rc8 10. d3 Be7 11. Nd2 O-O 12. Nxc6 Rxc6 13. Nf3 b5 14. Ne5 Rc8 15. c4 Qb6 16. Qe2 b4 17. g4 Rfe8 18. g5 Nd7 19. Ng4 a5 20. h4 Ra8 21. h5 a4 22. h6 g6 23. Bg7 a3 24. Qf3 Qd6 25. e4 d4 26. Ne5 Bf8 27. Bxf8 Rxf8 28. Nxd7 Qxd7 29. e5 Rfc8 30. Rae1 Qc6 31. Qxc6 Rxc6 32. Rf3 1/2-1/2

[Event "Montreal Mercredi 04"]
[Site "Montreal CAN"]
[Date "2008.04.16"]
[Round "3"]
[White "Gauthier, Luc"]
[Black "Arseneault, Marc"]
[Result "1-0"]
[WhiteElo "1756"]
[BlackElo "1796"]
[PlyCount "61"]
[GameId "2160767910351261"]
[EventDate "2008.04.02"]
[EventType "tourn"]
[EventRounds "5"]
[EventCountry "CAN"]
[SourceTitle "EXT 2011"]
[Source "ChessBase"]
[SourceDate "2011.11.26"]
[SourceVersion "1"]
[SourceVersionDate "2011.11.26"]
[SourceQuality "1"]

1. e4 c5 2. Nc3 Nc6 3. f4 d6 4. Nf3 e6 5. Bb5 Bd7 6. Bxc6 Bxc6 7. d3 b5 8. O-O b4 9. Ne2 Be7 10. Ng3 Qc7 11. f5 Nf6 12. fxe6 fxe6 13. Ng5 Kd7 14. Nh5 h6 15. Nxe6 Kxe6 16. Nxg7+ Kd7 17. Rxf6 Bxf6 18. Qg4+ Kd8 19. Ne6+ Kc8 20. Nxc7+ Kxc7 21. Qe6 Bd4+ 22. Kh1 Bd7 23. Qc4 Raf8 24. Bd2 Bxb2 25. Rb1 a5 26. Be3 Bc3 27. d4 Bc6 28. dxc5 dxc5 29. Qxc5 Ra8 30. Qb6+ Kd7 31. Rd1+ 1-0

[Event "Montreal Mercredi 04"]
[Site "Montreal CAN"]
[Date "2008.04.16"]
[Round "3"]
[White "Germain, Max"]
[Black "Bergeron, Rene"]
[Result "0-1"]
[WhiteElo "1524"]
[BlackElo "1530"]
[PlyCount "61"]
[GameId "2160767910351262"]
[EventDate "2008.04.02"]
[EventType "tourn"]
[EventRounds "5"]
[EventCountry "CAN"]
[SourceTitle "EXT 2011"]
[Source "ChessBase"]
[SourceDate "2011.11.26"]
[SourceVersion "1"]
[SourceVersionDate "2011.11.26"]
[SourceQuality "1"]

1. d4 d5 2. c4 e6 3. Nc3 Nf6 4. cxd5 exd5 5. Bg5 Be7 6. f3 O-O 7. Bh4 c6 8. e3 Nfd7 9. Bf2 b5 10. a3 Nb6 11. Qc2 N8d7 12. Bd3 Nf6 13. Nge2 h6 14. O-O Nh5 15. e4 Bh4 16. exd5 Bxf2+ 17. Rxf2 cxd5 18. Nxb5 Be6 19. b3 Rc8 20. Qd2 a6 21. Nbc3 a5 22. a4 Qh4 23. Raf1 Kh8 24. Nd1 Ra8 25. Ne3 Nd7 26. Nf5 Qf6 27. Nfg3 Nxg3 28. hxg3 Nb8 29. Bb5 Bd7 30. Bxd7 Nxd7 31. Nc3 0-1

[Event "Montreal Mercredi 04"]
[Site "Montreal CAN"]
[Date "2008.04.16"]
[Round "3"]
[White "Giroux, Robert"]
[Black "Katch, Gary"]
[Result "1-0"]
[WhiteElo "1962"]
[BlackElo "1802"]
[PlyCount "41"]
[GameId "2160767910351263"]
[EventDate "2008.04.02"]
[EventType "tourn"]
[EventRounds "5"]
[EventCountry "CAN"]
[SourceTitle "EXT 2011"]
[Source "ChessBase"]
[SourceDate "2011.11.26"]
[SourceVersion "1"]
[SourceVersionDate "2011.11.26"]
[SourceQuality "1"]

1. e4 d5 2. exd5 Nf6 3. d4 Nxd5 4. Nf3 Bg4 5. Be2 e6 6. Ne5 Bxe2 7. Qxe2 c6 8. O-O Nd7 9. c4 N5b6 10. b3 Qc7 11. Nc3 Be7 12. Bf4 Nxe5 13. Bxe5 Bd6 14. c5 Bxe5 15. dxe5 Nd7 16. f4 Nxc5 17. Kh1 Qa5 18. Qc4 Qb6 19. f5 O-O-O 20. fxe6 Nd3 21. e7 1-0

[Event "Montreal Mercredi 04"]
[Site "Montreal CAN"]
[Date "2008.04.16"]
[Round "3"]
[White "Lemieux, Serge"]
[Black "Dolrev, Martin"]
[Result "0-1"]
[WhiteElo "1652"]
[BlackElo "1570"]
[PlyCount "52"]
[GameId "2160767910351264"]
[EventDate "2008.04.02"]
[EventType "tourn"]
[EventRounds "5"]
[EventCountry "CAN"]
[SourceTitle "EXT 2011"]
[Source "ChessBase"]
[SourceDate "2011.11.26"]
[SourceVersion "1"]
[SourceVersionDate "2011.11.26"]
[SourceQuality "1"]

1. d4 c6 2. c4 d5 3. Nc3 Nf6 4. cxd5 cxd5 5. Bf4 e6 6. e3 Bb4 7. Bd3 Nc6 8. Nge2 Ne4 9. O-O f5 10. f3 Nd6 11. a3 Bxc3 12. bxc3 O-O 13. a4 Na5 14. Ng3 g5 15. Be5 Nac4 16. Qe2 Nxe5 17. dxe5 Ne8 18. f4 Ng7 19. Nh5 g4 20. Nxg7 Kxg7 21. Rfd1 b6 22. e4 fxe4 23. Qxg4+ Kh8 24. Bxe4 Qc7 25. Bd3 Rg8 26. Qh4 Qg7 0-1

[Event "Montreal Mercredi 04"]
[Site "Montreal CAN"]
[Date "2008.04.16"]
[Round "3"]
[White "Lescarbeau, Martin"]
[Black "Chagnon, Francois"]
[Result "0-1"]
[WhiteElo "1480"]
[BlackElo "1458"]
[PlyCount "143"]
[GameId "2160767910351265"]
[EventDate "2008.04.02"]
[EventType "tourn"]
[EventRounds "5"]
[EventCountry "CAN"]
[SourceTitle "EXT 2011"]
[Source "ChessBase"]
[SourceDate "2011.11.26"]
[SourceVersion "1"]
[SourceVersionDate "2011.11.26"]
[SourceQuality "1"]

1. e4 c6 2. Nf3 d5 3. exd5 cxd5 4. Ne5 Nf6 5. d4 Nbd7 6. c4 Nb6 7. c5 Nbd7 8. Bb5 g6 9. Qa4 Qc7 10. O-O a6 11. c6 bxc6 12. Bxc6 Bb7 13. Nc3 Bxc6 14. Nxc6 Rc8 15. Nb4 e6 16. Bg5 Bg7 17. Rac1 Qb7 18. Rfe1 O-O 19. Nxa6 Ra8 20. b4 Rxa6 21. Qb3 Nb6 22. b5 Ra5 23. Bf4 Nc4 24. a4 Rfa8 25. Ra1 Nd7 26. Be3 Ndb6 27. Rec1 Qa7 28. g3 Nxa4 29. Nxa4 Rxa4 30. Rab1 Qb6 31. Qd1 Ra3 32. Rb3 Rxb3 33. Qxb3 Ra3 34. Qb4 Bf8 35. Qe1 Qxb5 36. Rb1 Rb3 37. Ra1 Nxe3 38. fxe3 Qd3 39. Rd1 Qxe3+ 40. Qxe3 Rxe3 41. Kf2 Re4 42. h3 Bg7 43. Rb1 Bxd4+ 44. Kf3 Re3+ 45. Kg2 h5 46. Rb8+ Kg7 47. Rb4 Be5 48. g4 hxg4 49. hxg4 Kf6 50. Kf2 Rh3 51. Kg2 Rg3+ 52. Kf2 Kg5 53. Rb7 f6 54. Rb4 Rxg4 55. Rb3 d4 56. Rd3 f5 57. Kf1 Bf6 58. Kf2 e5 59. Kf1 e4 60. Ra3 f4 61. Ke1 f3 62. Ra5+ Kf4 63. Ra6 Bh4+ 64. Kf1 Ke3 65. Ra3+ Kf4 66. Ra8 e3 67. Rf8+ Kg3 68. Ke1 Kh3+ 69. Kd1 Rg2 70. Rxf3+ Bg3 71. Rf8 e2+ 72. Kc2 0-1

[Event "Montreal Mercredi 04"]
[Site "Montreal CAN"]
[Date "2008.04.16"]
[Round "3"]
[White "Levkovsky, Alexandre"]
[Black "Pomerantz, Daniel"]
[Result "1-0"]
[WhiteElo "2154"]
[BlackElo "1862"]
[PlyCount "85"]
[GameId "2160767910351266"]
[EventDate "2008.04.02"]
[EventType "tourn"]
[EventRounds "5"]
[EventCountry "CAN"]
[SourceTitle "EXT 2011"]
[Source "ChessBase"]
[SourceDate "2011.11.26"]
[SourceVersion "1"]
[SourceVersionDate "2011.11.26"]
[SourceQuality "1"]

1. e4 c5 2. Nf3 Nc6 3. d4 cxd4 4. Nxd4 Nf6 5. Nc3 e5 6. Nb3 Bb4 7. Bg5 Bxc3+ 8. bxc3 h6 9. Bxf6 Qxf6 10. Bc4 d6 11. O-O O-O 12. Qe2 Be6 13. Rad1 Rac8 14. Bd5 Bxd5 15. Rxd5 Ne7 16. Rd3 Qe6 17. Rfd1 Rfd8 18. Qd2 Ng6 19. g3 Qg4 20. f3 Qd7 21. Qe3 b6 22. Kg2 Qa4 23. Rxd6 Rxd6 24. Rxd6 Qxa2 25. Qd3 Qb2 26. c4 a5 27. c5 a4 28. cxb6 Rxc2+ 29. Nd2 a3 30. b7 a2 31. Qxc2 Qxc2 32. b8=Q+ Kh7 33. Qb3 Qxd2+ 34. Rxd2 a1=Q 35. Qxf7 Qe1 36. Rd7 Qe2+ 37. Kh3 Nf4+ 38. Kg4 h5+ 39. Kf5 Ne6 40. Qxh5+ Kg8 41. Qf7+ Kh7 42. Kxe6 Qc4+ 43. Kf5 1-0

[Event "Montreal Mercredi 04"]
[Site "Montreal CAN"]
[Date "2008.04.16"]
[Round "3"]
[White "Marquis, Gerald"]
[Black "Ber, Alexandre"]
[Result "0-1"]
[WhiteElo "1493"]
[BlackElo "1495"]
[PlyCount "72"]
[GameId "2160767910351267"]
[EventDate "2008.04.02"]
[EventType "tourn"]
[EventRounds "5"]
[EventCountry "CAN"]
[SourceTitle "EXT 2011"]
[Source "ChessBase"]
[SourceDate "2011.11.26"]
[SourceVersion "1"]
[SourceVersionDate "2011.11.26"]
[SourceQuality "1"]

1. e4 e6 2. d4 d5 3. Nd2 Nf6 4. e5 Nfd7 5. Qg4 c5 6. c3 Nc6 7. Ndf3 cxd4 8. cxd4 Bb4+ 9. Bd2 Bxd2+ 10. Nxd2 O-O 11. Bd3 f5 12. Qf4 Qb6 13. Nb3 Qb4+ 14. Qd2 b6 15. Nf3 a5 16. Rc1 Qxd2+ 17. Nbxd2 Ndb8 18. a3 Ba6 19. Bxa6 Rxa6 20. Rc3 h6 21. O-O Ra7 22. Rfc1 Rc8 23. Kf1 Rac7 24. Ne1 Na6 25. Ndf3 Na7 26. Rxc7 Rxc7 27. Rxc7 Nxc7 28. Nd3 g5 29. Ke2 Nc6 30. h3 Nb5 31. g4 Nbxd4+ 32. Nxd4 Nxd4+ 33. Ke3 Nc6 34. gxf5 exf5 35. f4 Kf7 36. Kf3 Ke6 0-1

[Event "Montreal Mercredi 04"]
[Site "Montreal CAN"]
[Date "2008.04.16"]
[Round "3"]
[White "Piche, Justin"]
[Black "Boyer, Eric"]
[Result "1-0"]
[WhiteElo "1542"]
[BlackElo "1510"]
[PlyCount "53"]
[GameId "2160767910351268"]
[EventDate "2008.04.02"]
[EventType "tourn"]
[EventRounds "5"]
[EventCountry "CAN"]
[SourceTitle "EXT 2011"]
[Source "ChessBase"]
[SourceDate "2011.11.26"]
[SourceVersion "1"]
[SourceVersionDate "2011.11.26"]
[SourceQuality "1"]

1. e4 e5 2. Nf3 Nc6 3. Bc4 Bc5 4. Nc3 Nf6 5. d3 h6 6. Be3 Qe7 7. O-O a6 8. Bxc5 Qxc5 9. a3 b5 10. Ba2 O-O 11. Nd5 Nxd5 12. Bxd5 d6 13. c4 Bd7 14. Rc1 Ra7 15. h4 Qb6 16. d4 bxc4 17. dxe5 Nxe5 18. Nxe5 dxe5 19. Bxc4 Bc6 20. Qg4 a5 21. Rc3 Kh8 22. Rg3 g6 23. Bxf7 Bxe4 24. Qxe4 Rxf7 25. Rxg6 Rf6 26. Qxe5 Qd6 27. Qxf6+ 1-0

[Event "Montreal Mercredi 04"]
[Site "Montreal CAN"]
[Date "2008.04.16"]
[Round "3"]
[White "Teasdale, Alain"]
[Black "Maharisoa, Tantely"]
[Result "0-1"]
[WhiteElo "1547"]
[BlackElo "1594"]
[PlyCount "134"]
[GameId "2160767910351269"]
[EventDate "2008.04.02"]
[EventType "tourn"]
[EventRounds "5"]
[EventCountry "CAN"]
[SourceTitle "EXT 2011"]
[Source "ChessBase"]
[SourceDate "2011.11.26"]
[SourceVersion "1"]
[SourceVersionDate "2011.11.26"]
[SourceQuality "1"]

1. e4 c5 2. Nf3 d6 3. d4 cxd4 4. Nxd4 Nf6 5. Nc3 g6 6. Be2 Bg7 7. Be3 a6 8. f4 Nc6 9. Qd2 Nxd4 10. Bxd4 Qc7 11. e5 dxe5 12. fxe5 Ng4 13. e6 Bxd4 14. Qxd4 Ne5 15. exf7+ Nxf7 16. Qg7 Qe5 17. Qxe5 Nxe5 18. Nd5 Rb8 19. O-O-O b5 20. Rhf1 e6 21. Nf6+ Ke7 22. g3 Bb7 23. Ng4 Nxg4 24. Bxg4 Rhf8 25. Rfe1 Rf6 26. Re5 Bf3 27. Bxf3 Rxf3 28. Rde1 Rb6 29. R1e2 Rd6 30. b3 Rf5 31. R5e4 h5 32. Kb2 Kf6 33. c4 g5 34. Kc3 a5 35. cxb5 Rxb5 36. a4 Rc5+ 37. Kb2 Rb6 38. R2e3 g4 39. Rf4+ Rf5 40. Rfe4 Rf2+ 41. Re2 Rxe2+ 42. Rxe2 Rc6 43. b4 Rc4 44. b5 Rxa4 45. Re3 Rd4 46. Kc3 Rb4 47. Re1 Rxb5 48. Ra1 Kf5 49. Kc4 Rb2 50. Rxa5+ e5 51. Kd5 Rxh2 52. Ra3 Rd2+ 53. Kc4 Rf2 54. Ra7 Rf3 55. Rh7 Kg6 56. Re7 e4 57. Rxe4 Rxg3 58. Re6+ Kf5 59. Rh6 Kg5 60. Rh8 h4 61. Rg8+ Kf4 62. Rf8+ Ke3 63. Re8+ Kf2 64. Rf8+ Rf3 65. Ra8 h3 66. Ra2+ Kg3 67. Kd4 h2 0-1

[Event "Montreal Mercredi 04"]
[Site "Montreal CAN"]
[Date "2008.04.16"]
[Round "3"]
[White "Turcotte, Jonathan"]
[Black "Millette, Sylvain"]
[Result "1/2-1/2"]
[WhiteElo "1604"]
[BlackElo "1630"]
[PlyCount "133"]
[GameId "2160767910351270"]
[EventDate "2008.04.02"]
[EventType "tourn"]
[EventRounds "5"]
[EventCountry "CAN"]
[SourceTitle "EXT 2011"]
[Source "ChessBase"]
[SourceDate "2011.11.26"]
[SourceVersion "1"]
[SourceVersionDate "2011.11.26"]
[SourceQuality "1"]

1. d4 Nf6 2. c4 g6 3. Nc3 d5 4. Bf4 Bg7 5. e3 O-O 6. Qb3 Be6 7. Qxb7 Nbd7 8. cxd5 Rb8 9. Qc6 Rb6 10. Qc4 Nxd5 11. Nxd5 c6 12. Nxe7+ Qxe7 13. Qc2 Qb4+ 14. Qc3 Qxb2 15. Qxb2 Rxb2 16. Bd3 c5 17. Nf3 cxd4 18. exd4 Bg4 19. Be3 Bxf3 20. gxf3 Rb4 21. a3 Rb3 22. Bc4 Rc3 23. Bb5 Nb6 24. Kd2 Rfc8 25. Rhc1 R3c7 26. Ba6 Rxc1 27. Rxc1 Rd8 28. Kd3 Bf8 29. Rc3 Na4 30. Rc8 Rxc8 31. Bxc8 Bxa3 32. d5 Nb6 33. Bxb6 axb6 34. Kc4 Bc5 35. Kb5 Kf8 36. Kc6 Ke8 37. Kc7 Ke7 38. h3 b5 39. Ba6 b4 40. Bc4 h6 41. Ba2 g5 42. Bc4 h5 43. Bd3 b3 44. Bb1 Kf6 45. d6 Ke5 46. d7 Be7 47. d8=Q Bxd8+ 48. Kxd8 f5 49. Ke7 g4 50. fxg4 fxg4 51. hxg4 h4 52. g5 h3 53. g6 h2 54. g7 h1=Q 55. g8=Q Qxb1 56. Qg5+ Kd4 57. Qe3+ Kc4 58. Qe6+ Kc3 59. Qe5+ Kc2 60. Qe2+ Kc1 61. Qe1+ Kb2 62. Qe5+ Kc2 63. Qe2+ Kc3 64. Qe5+ Kd2 65. Qe3+ Kd1 66. Qf3+ Kc2 67. Qe2+ 1/2-1/2

[Event "Montreal Mercredi 04"]
[Site "Montreal CAN"]
[Date "2008.04.23"]
[Round "4"]
[White "Arseneault, Marc"]
[Black "Pomerantz, Daniel"]
[Result "0-1"]
[WhiteElo "1796"]
[BlackElo "1862"]
[PlyCount "88"]
[GameId "2160767910351271"]
[EventDate "2008.04.02"]
[EventType "tourn"]
[EventRounds "5"]
[EventCountry "CAN"]
[SourceTitle "EXT 2011"]
[Source "ChessBase"]
[SourceDate "2011.11.26"]
[SourceVersion "1"]
[SourceVersionDate "2011.11.26"]
[SourceQuality "1"]

1. Nf3 Nf6 2. d4 e6 3. c4 b6 4. Bg5 h6 5. Bh4 Bb7 6. Nbd2 Be7 7. Qc2 d5 8. Rc1 c5 9. cxd5 exd5 10. Bxf6 Bxf6 11. dxc5 bxc5 12. Qxc5 Nd7 13. Qe3+ Be7 14. g3 O-O 15. Bg2 Bc5 16. Qf4 Re8 17. b4 Qe7 18. O-O Bxb4 19. e3 Bd6 20. Qf5 Nb6 21. Nd4 Rac8 22. N2b3 Ba6 23. Rfd1 Ba3 24. Rxc8 Rxc8 25. Bxd5 Nxd5 26. Qxd5 Bb7 27. Qf5 g6 28. Qg4 Qe5 29. Qe2 Re8 30. Nd2 Qxd4 31. Qb5 Rxe3 32. Qxb7 Re2 33. Qb8+ Kg7 34. Qf4 Qxf4 35. gxf4 Bc5 36. Nb3 Bxf2+ 37. Kf1 Rxa2 38. Rd7 Be3 39. Nd4 Bxd4 40. Rxd4 Rxh2 41. Ra4 Rh4 42. Kg2 g5 43. Kg3 Rxf4 44. Rxa7 Kg6 0-1

[Event "Montreal Mercredi 04"]
[Site "Montreal CAN"]
[Date "2008.04.23"]
[Round "4"]
[White "Ber, Alexandre"]
[Black "Boyer, Eric"]
[Result "1/2-1/2"]
[WhiteElo "1495"]
[BlackElo "1510"]
[PlyCount "84"]
[GameId "2160767910351272"]
[EventDate "2008.04.02"]
[EventType "tourn"]
[EventRounds "5"]
[EventCountry "CAN"]
[SourceTitle "EXT 2011"]
[Source "ChessBase"]
[SourceDate "2011.11.26"]
[SourceVersion "1"]
[SourceVersionDate "2011.11.26"]
[SourceQuality "1"]

1. d4 d5 2. c4 e6 3. Nc3 Nf6 4. Bg5 Nbd7 5. Nf3 c6 6. e3 Qb6 7. Qc2 dxc4 8. Bxc4 Nd5 9. a3 f5 10. O-O N7f6 11. Bxd5 cxd5 12. Bf4 Bd7 13. Na4 Qb5 14. Nc3 Qb6 15. Rfc1 Rc8 16. Qd2 Bd6 17. Bxd6 Qxd6 18. Ne5 O-O 19. f3 Bc6 20. Rc2 Rc7 21. Rac1 a6 22. Na4 Nd7 23. Nxd7 Rxd7 24. Nc5 Rdf7 25. f4 h6 26. Nd3 Rc7 27. Ne5 Rfc8 28. Qa5 g5 29. Qb6 Kg7 30. g3 Kf6 31. Nxc6 Rxc6 32. Rxc6 Rxc6 33. Rxc6 Qxc6 34. Qxc6 bxc6 35. b4 g4 36. Kf1 Ke7 37. Ke2 Kd6 38. Kd2 Kc7 39. Kc3 Kb7 40. a4 Kb6 41. Kb3 Kb7 42. a5 Kc7 1/2-1/2

[Event "Montreal Mercredi 04"]
[Site "Montreal CAN"]
[Date "2008.04.23"]
[Round "4"]
[White "Bergeron, Rene"]
[Black "Piche, Justin"]
[Result "0-1"]
[WhiteElo "1530"]
[BlackElo "1542"]
[PlyCount "56"]
[GameId "2160767910351273"]
[EventDate "2008.04.02"]
[EventType "tourn"]
[EventRounds "5"]
[EventCountry "CAN"]
[SourceTitle "EXT 2011"]
[Source "ChessBase"]
[SourceDate "2011.11.26"]
[SourceVersion "1"]
[SourceVersionDate "2011.11.26"]
[SourceQuality "1"]

1. e4 e5 2. c3 Nf6 3. Bd3 Bc5 4. h3 Nc6 5. Bc2 d5 6. b4 Bb6 7. Qe2 Nxe4 8. Bxe4 dxe4 9. Qxe4 f5 10. Qe2 O-O 11. d3 e4 12. d4 Re8 13. Qc4+ Be6 14. Qe2 Qd5 15. Be3 Nxb4 16. cxb4 Bxd4 17. Bxd4 Qxd4 18. Qc2 Qxa1 19. Ne2 Qxa2 20. Qc1 Qc4 21. Nbc3 Qxb4 22. O-O Bc4 23. Re1 Bxe2 24. Rxe2 Rad8 25. Rb2 Qc5 26. Rxb7 Rd3 27. Rb3 Red8 28. Qb2 Rd2 0-1

[Event "Montreal Mercredi 04"]
[Site "Montreal CAN"]
[Date "2008.04.23"]
[Round "4"]
[White "Chenard, Yanick"]
[Black "Lescarbeau, Martin"]
[Result "0-1"]
[WhiteElo "1464"]
[BlackElo "1480"]
[PlyCount "78"]
[GameId "2160767910351274"]
[EventDate "2008.04.02"]
[EventType "tourn"]
[EventRounds "5"]
[EventCountry "CAN"]
[SourceTitle "EXT 2011"]
[Source "ChessBase"]
[SourceDate "2011.11.26"]
[SourceVersion "1"]
[SourceVersionDate "2011.11.26"]
[SourceQuality "1"]

1. d4 Nf6 2. Bg5 d5 3. Bxf6 exf6 4. c4 Bb4+ 5. Nd2 dxc4 6. e3 b5 7. a3 Ba5 8. b4 Bb6 9. Qf3 c6 10. Qe4+ Qe7 11. Qxe7+ Kxe7 12. g3 a5 13. bxa5 Bxa5 14. Bg2 Bb4 15. Ne2 Rxa3 16. Rxa3 Bxa3 17. O-O Bd7 18. Ra1 Bb4 19. Ne4 f5 20. Nc5 Kd6 21. Nxd7 Nxd7 22. d5 cxd5 23. Nd4 Kc5 24. Ra6 Nb6 25. Bxd5 Rd8 26. Bxf7 Ra8 27. Rxa8 Nxa8 28. Nxf5 Bc3 29. Bh5 g6 30. Bf3 gxf5 31. Bxa8 b4 32. Bf3 Bb2 33. Bd1 b3 34. Kf1 Kb4 35. Ke2 Kc3 36. f4 Bc1 37. e4 b2 38. e5 b1=Q 39. e6 Qe4+ 0-1

[Event "Montreal Mercredi 04"]
[Site "Montreal CAN"]
[Date "2008.04.23"]
[Round "4"]
[White "Dulac, Sebastien"]
[Black "Chesnut, Walter"]
[Result "1/2-1/2"]
[WhiteElo "1456"]
[BlackElo "1464"]
[PlyCount "95"]
[GameId "2160767910351275"]
[EventDate "2008.04.02"]
[EventType "tourn"]
[EventRounds "5"]
[EventCountry "CAN"]
[SourceTitle "EXT 2011"]
[Source "ChessBase"]
[SourceDate "2011.11.26"]
[SourceVersion "1"]
[SourceVersionDate "2011.11.26"]
[SourceQuality "1"]

1. f4 d5 2. e3 Nf6 3. Nf3 e6 4. b3 c5 5. Bb2 Nc6 6. Bb5 Bd7 7. Bxc6 Bxc6 8. O-O Be7 9. d3 O-O 10. Nbd2 Ng4 11. Qe1 Bf6 12. Ne5 Nxe5 13. Bxe5 Bxe5 14. fxe5 Qg5 15. d4 Qg6 16. Rc1 b6 17. Rf3 f6 18. Rg3 Qh6 19. Rh3 Qg6 20. Rg3 Qe8 21. Nf3 f5 22. Rh3 Qe7 23. Qg3 Be8 24. Qg5 Qf7 25. Qh4 Qg6 26. Qg5 h6 27. Qxg6 Bxg6 28. Nh4 Bh7 29. Rf3 g5 30. Rg3 f4 31. exf4 Rxf4 32. Nf3 Kh8 33. c3 Raf8 34. Rf1 Bd3 35. Re1 Be4 36. Rf1 Bd3 37. Re1 g4 38. Nd2 c4 39. bxc4 dxc4 40. h3 h5 41. hxg4 hxg4 42. a3 Kh7 43. Rge3 Kg6 44. Kh2 Kf5 45. Kg3 Rf7 46. Rh1 Kg5 47. Rhe1 Kf5 48. Rh1 1/2-1/2

[Event "Montreal Mercredi 04"]
[Site "Montreal CAN"]
[Date "2008.04.23"]
[Round "4"]
[White "Gauthier, Luc"]
[Black "Giroux, Robert"]
[Result "0-1"]
[WhiteElo "1756"]
[BlackElo "1962"]
[PlyCount "100"]
[GameId "2160767910351276"]
[EventDate "2008.04.02"]
[EventType "tourn"]
[EventRounds "5"]
[EventCountry "CAN"]
[SourceTitle "EXT 2011"]
[Source "ChessBase"]
[SourceDate "2011.11.26"]
[SourceVersion "1"]
[SourceVersionDate "2011.11.26"]
[SourceQuality "1"]

1. e4 g6 2. d4 Bg7 3. Nc3 c5 4. Nf3 cxd4 5. Nxd4 Nc6 6. Be3 Nf6 7. f3 O-O 8. Qd2 d5 9. exd5 Nxd5 10. Nxd5 Qxd5 11. Nxc6 Qxc6 12. c3 Bf5 13. Be2 Rfd8 14. Qc1 Bd3 15. Bxd3 Rxd3 16. O-O Rad8 17. Re1 e6 18. Qc2 Qd5 19. Qb3 b6 20. Qxd5 R8xd5 21. Kf1 Bf8 22. Ke2 Bg7 23. Rad1 Rxd1 24. Rxd1 Kf8 25. Rxd5 exd5 26. Kd3 Ke7 27. b3 Kd6 28. c4 dxc4+ 29. Kxc4 Kc6 30. Bf4 b5+ 31. Kd3 Kd5 32. Be3 a6 33. Bb6 f5 34. f4 Bh6 35. g3 Bf8 36. Be3 Bb4 37. Bb6 Bc5 38. Bxc5 Kxc5 39. Kc3 a5 40. a3 a4 41. b4+ Kd5 42. Kd3 h6 43. h3 g5 44. h4 gxh4 45. gxh4 h5 46. Ke3 Kc4 47. Ke2 Kd4 48. Kf3 Kd3 49. Kf2 Ke4 50. Kg3 Ke3 0-1

[Event "Montreal Mercredi 04"]
[Site "Montreal CAN"]
[Date "2008.04.23"]
[Round "4"]
[White "Katch, Gary"]
[Black "Levkovsky, Alexandre"]
[Result "0-1"]
[WhiteElo "1802"]
[BlackElo "2154"]
[PlyCount "102"]
[GameId "2160767910351277"]
[EventDate "2008.04.02"]
[EventType "tourn"]
[EventRounds "5"]
[EventCountry "CAN"]
[SourceTitle "EXT 2011"]
[Source "ChessBase"]
[SourceDate "2011.11.26"]
[SourceVersion "1"]
[SourceVersionDate "2011.11.26"]
[SourceQuality "1"]

1. e4 e5 2. Nf3 Nc6 3. Nc3 Nf6 4. d4 exd4 5. Nxd4 Bb4 6. Nxc6 bxc6 7. Bd3 d5 8. exd5 cxd5 9. O-O O-O 10. Bg5 Bxc3 11. bxc3 h6 12. Bh4 Qd6 13. h3 Re8 14. Qf3 Ne4 15. Rfe1 Bb7 16. Rab1 Nd2 17. Qf5 g6 18. Qg4 Nxb1 19. Rxb1 Bc8 20. Qf3 c6 21. Bg3 Qe7 22. h4 Kg7 23. Kh2 Qf6 24. Qf4 Qxf4 25. Bxf4 Re7 26. Bd6 Rb7 27. Rb4 Rxb4 28. cxb4 Kf6 29. b5 cxb5 30. Bxb5 Bb7 31. Bc5 a6 32. Bd4+ Ke6 33. Ba4 Rc8 34. Bb3 Kf5 35. f3 h5 36. Kg3 f6 37. c3 Ke6 38. Kf4 Rg8 39. g3 g5+ 40. Ke3 gxh4 41. gxh4 Rg2 42. Kf4 Rh2 43. Kg3 Rd2 44. Kf4 Bc6 45. Be3 Rh2 46. Kg3 Re2 47. Kf4 Bb5 48. Bd4 Bc4 49. Bb6 Rb2 50. Bxc4 dxc4 51. Bc5 Rxa2 0-1

[Event "Montreal Mercredi 04"]
[Site "Montreal CAN"]
[Date "2008.04.23"]
[Round "4"]
[White "Maharisoa, Tantely"]
[Black "Dolrev, Martin"]
[Result "1/2-1/2"]
[WhiteElo "1594"]
[BlackElo "1570"]
[PlyCount "68"]
[GameId "2160767910351278"]
[EventDate "2008.04.02"]
[EventType "tourn"]
[EventRounds "5"]
[EventCountry "CAN"]
[SourceTitle "EXT 2011"]
[Source "ChessBase"]
[SourceDate "2011.11.26"]
[SourceVersion "1"]
[SourceVersionDate "2011.11.26"]
[SourceQuality "1"]

1. d4 c6 2. c4 d5 3. e3 Nf6 4. Nc3 e6 5. Nf3 g6 6. Bd3 Bg7 7. b3 O-O 8. O-O Nbd7 9. Bb2 b6 10. cxd5 cxd5 11. Ba3 Re8 12. Nb5 Bf8 13. Nd6 Bxd6 14. Bxd6 Ne4 15. Ba3 Bb7 16. Rc1 Rc8 17. Bb2 Qe7 18. Qe2 f6 19. a3 Nb8 20. b4 a6 21. Nd2 f5 22. Nf3 b5 23. Nd2 Nd6 24. Nb3 Nd7 25. Nc5 Nb6 26. Rcd1 Nbc4 27. Bc1 Qh4 28. f4 Rc7 29. Rf3 Bc8 30. Rh3 Qf6 31. Kh1 Rg7 32. Rf3 Qh4 33. Rh3 Qf6 34. Rf3 Qh4 1/2-1/2

[Event "Montreal Mercredi 04"]
[Site "Montreal CAN"]
[Date "2008.04.23"]
[Round "4"]
[White "Marquis, Gerald"]
[Black "Germain, Max"]
[Result "0-1"]
[WhiteElo "1493"]
[BlackElo "1524"]
[PlyCount "126"]
[GameId "2160767910351279"]
[EventDate "2008.04.02"]
[EventType "tourn"]
[EventRounds "5"]
[EventCountry "CAN"]
[SourceTitle "EXT 2011"]
[Source "ChessBase"]
[SourceDate "2011.11.26"]
[SourceVersion "1"]
[SourceVersionDate "2011.11.26"]
[SourceQuality "1"]

1. e4 d6 2. d4 Nc6 3. Nc3 e5 4. d5 Nce7 5. Bg5 h6 6. Bh4 g5 7. Bg3 Nf6 8. Be2 Ng6 9. Nf3 Nf4 10. h4 Nxg2+ 11. Kf1 gxh4 12. Nxh4 Nxh4 13. Bxh4 Be7 14. Bb5+ Bd7 15. Bxd7+ Qxd7 16. Qf3 Qg4 17. Qxg4 Nxg4 18. Ke2 Bxh4 19. Rxh4 h5 20. Rah1 Nf6 21. Kf3 O-O-O 22. Ne2 Rh7 23. Ng3 Rdh8 24. Ke3 c6 25. c4 Kd7 26. f3 cxd5 27. cxd5 Ke7 28. Nf5+ Kd7 29. Rc1 Rg8 30. Rh2 Ne8 31. Rhc2 h4 32. Rc8 Rg2 33. Nxd6 Kxd6 34. Rxe8 h3 35. Rd8+ Ke7 36. Rb8 h2 37. Rxb7+ Kf6 38. Rh1 Rg1 39. Rxh2 Rxh2 40. Kd3 Rd1+ 41. Kc4 Rc2+ 42. Kb3 Rdd2 43. Ka3 Rd3+ 44. Rb3 Rxb3+ 45. Kxb3 Rf2 46. a4 Rxf3+ 47. Kc4 Re3 48. b4 Rxe4+ 49. Kc5 Ke7 50. a5 Kd7 51. b5 f5 52. b6 axb6+ 53. axb6 Re1 54. d6 f4 55. Kd5 f3 56. Kc5 f2 57. Kd5 f1=Q 58. Kc5 Qf2+ 59. Kb5 Rb1+ 60. Kc4 Rc1+ 61. Kb5 Qc5+ 62. Ka6 Ra1+ 63. Kb7 Qc8# 0-1